[Event "Martigny Casino op"]
[Site "Martigny"]
[Date "2001.08.??"]
[Round "?"]
[White "Foisor, Ovidiu Doru"]
[Black "Cebalo, Miso"]
[Result "1-0"]
[WhiteElo "2400"]
[BlackElo "2476"]
[Annotator "Schluricke,R"]
[PlyCount "75"]
[EventDate "2001.08.04"]
[EventType "swiss"]
[EventRounds "7"]
[EventCountry "SUI"]
[SourceTitle "EXT 2013"]
[Source "ChessBase"]
[SourceDate "2012.11.22"]
[SourceVersion "1"]
[SourceVersionDate "2012.11.22"]
[SourceQuality "1"]

1. c4 e5 2. g3 Nf6 3. Bg2 d5 4. cxd5 Nxd5 5. Nc3 Nb6 6. Nf3 Nc6 7. a3 Be7 8. b4
Be6 9. Rb1 f6 10. O-O O-O 11. d3 a5 12. b5 Nd4 13. Nd2 c6 14. bxc6 Nxc6 15. Nc4
Nxc4 16. dxc4 Qxd1 (16... Bxc4 17. Rxb7 Nd4 18. e3 Rc8 19. Re1 Ne2+ 20. Nxe2
Qxd1 21. Rxd1 Bxe2 22. Bd5+ Kh8 23. Re1 Bd6 24. Rd7 Bb8 25. Bb7 Rc5 26. Rxe2
Rxc1+ 27. Kg2 Rc7 28. Red2 Rxd7 29. Rxd7 Ba7 30. g4 $14 {Marin,M-Cebalo,M/
Reggio Emilia 2008/ 1-0 (78)}) 17. Rxd1 Rab8 18. Nd5 Kf7 19. Nxe7 Nxe7 20. c5
$14 Rfc8 21. Be3 Rc7 22. a4 (22. f4 $142 $14 {Comp Houdini1.5a}) 22... Bd7 $2 {
[%mdl 8192]} (22... Nf5 $5 {Comp Fritz11} 23. Rb5 Bc4 24. Rxa5 (24. Rb2 Nxe3
25. fxe3 f5 26. Rc1 Be6 $13 (26... Rxc5 $2 27. Rbc2 $18)) 24... Bxe2 25. Rd2
Bc4 $13) 23. Rxd7 Rxd7 24. c6 $16 Rc7 25. cxb7 Nc8 26. Bd5+ Ke7 27. bxc8=N+
Rcxc8 28. Rxb8 Rxb8 29. Bc6 Rb2 30. Bb5 Kd6 31. f4 exf4 32. gxf4 Kc7 33. Kf2 g6
34. Bd4 Rb4 35. e3 f5 36. Bc3 Rb1 37. Bxa5+ Kb7 38. Bc3 1-0

[Event "Groningen op"]
[Site "Groningen"]
[Date "1993.??.??"]
[Round "1"]
[White "Pevzner, Albert"]
[Black "Schwartzman, Gabriel"]
[Result "0-1"]
[WhiteElo "2300"]
[BlackElo "2480"]
[Annotator "Schwartzman,G"]
[PlyCount "110"]
[EventDate "1993.12.??"]
[EventType "swiss"]
[EventRounds "11"]
[EventCountry "NED"]
[SourceTitle "CBM 041"]
[Source "ChessBase"]
[SourceDate "1994.08.01"]
[SourceVersion "1"]
[SourceVersionDate "1994.08.01"]
[SourceQuality "1"]

1. c4 Nf6 2. Nc3 e5 3. g3 d5 4. cxd5 Nxd5 5. Bg2 Nb6 6. Nf3 Nc6 7. O-O Be7 8.
Rb1 a5 (8... O-O {58/44}) 9. a3 O-O 10. b4 Bf5 (10... axb4 $5 11. axb4 Bf5 12.
b5 Nd4 13. d3 Bg4 $13 14. Nxe5 $140 $2 Na4 $1 $19) 11. b5 (11. d3 $2 axb4 12.
axb4 Bxb4 $17) 11... Nd4 (11... Bxb1 $2 12. bxc6 Bf5 13. cxb7 Rb8 14. Nxe5 $16)
12. d3 Nxf3+ 13. Bxf3 Rb8 14. Na4 $2 e4 $1 {[#]} 15. dxe4 $8 (15. Nxb6 $2 exf3
16. Na4 fxe2 17. Qxe2 Bxd3 $19) (15. Bxe4 $2 Bxe4 16. dxe4 Qxd1 17. Rxd1 Nxa4
$19) (15. Bg2 exd3 16. e4 Be6 $17) 15... Qxd1 16. Rxd1 Nxa4 17. exf5 $8 Nc3 18.
Rd7 Nxb1 19. Rxe7 Nc3 $1 $17 {><b5,a3} 20. Rxc7 Nxb5 21. Rxb7 Nd4 $1 22. Rxb8
$8 Rxb8 23. Kg2 (23. Be3 Nxf3+ 24. exf3 Rb3 25. Bc5 Rxf3 $19) 23... Nxf3 24.
Kxf3 (24. exf3 Kf8 $19) 24... Rb1 25. Bd2 Rb3+ 26. Ke4 Rxa3 $19 27. Kd4 a4 28.
e4 Rb3 29. Kc4 $138 Rb2 30. Kc3 $8 (30. Be3 $2 a3 31. Bd4 Rd2 $19) 30... Rb7
31. Bc1 $1 f6 32. Kc2 Rb4 33. f3 (33. Kd3 a3) 33... Kf7 34. Bb2 Rb3 35. Bc3 (
35. f4 Re3 36. e5 a3 $19) 35... Ke7 36. f4 Rb5 37. Bb2 Kd6 38. Ba3+ Kc6 39. Bb2
Rb3 40. e5 fxe5 41. fxe5 Rf3 $1 42. g4 g6 $1 43. fxg6 hxg6 44. h4 Rh3 45. h5
gxh5 46. gxh5 Rxh5 47. Kb1 Rh2 48. Ka2 Kb5 49. Ka3 Re2 50. Bd4 Re4 51. Bc3 Re3
52. Kb2 a3+ 53. Kc2 Kc4 54. Ba1 Re1 55. Bc3 Re2+ 0-1

[Event "Groningen PCA"]
[Site "Groningen"]
[Date "1993.??.??"]
[Round "5"]
[White "Serper, Grigory"]
[Black "Granda Zuniga, Julio E"]
[Result "1/2-1/2"]
[WhiteElo "2575"]
[BlackElo "2605"]
[Annotator "Serper,G"]
[PlyCount "95"]
[EventDate "1993.12.??"]
[EventType "swiss"]
[EventRounds "11"]
[EventCountry "NED"]
[SourceTitle "CBM 039"]
[Source "ChessBase"]
[SourceDate "1994.04.01"]
[SourceVersion "1"]
[SourceVersionDate "1994.04.01"]
[SourceQuality "1"]

1. c4 e5 2. g3 Nf6 3. Bg2 d5 4. cxd5 Nxd5 5. Nc3 Nb6 6. Nf3 Nc6 7. O-O Be7 8.
Rb1 f6 $5 9. d3 Be6 10. a3 O-O 11. b4 Qd7 12. Ne4 Nd5 13. Qc2 Rac8 $146 (13...
b6 $6) 14. Nc5 Bxc5 15. bxc5 $5 (15. Qxc5 b6 16. Qc2 Nd4 17. Nxd4 exd4 18. Bb2
c5 $13) 15... b6 16. Bb2 Rfd8 17. Rbd1 $1 {/\ d4} (17. d4 $6 e4 $1 18. Qxe4
$140 Bf5) 17... bxc5 $6 18. Qxc5 Nb6 19. Ng5 $1 Ne7 $6 (19... Nd4 $142 20. Bxd4
exd4 21. Bc6 $1 Qd6 22. Nxe6 Qxe6 23. Rd2 $16) 20. Nxe6 Qxe6 21. Ba1 c6 22. Rc1
Rc7 23. Rc2 Rb8 24. Rfc1 Nd7 25. Qc4 Qxc4 26. Rxc4 Rb3 27. R4c3 Rcb7 28. f4 $1
(28. Rxc6 $2 Nxc6 29. Bxc6 Rb1 $19) 28... exf4 29. gxf4 Nf8 (29... Kf7 $142)
30. Kf2 Ne6 31. e3 $5 $138 (31. f5 Nd8 $1 $8) 31... Kf7 32. Ke2 Rxc3 33. Bxc3 (
33. Rxc3 $4 Rb1 $19) 33... Rb3 34. a4 Ra3 35. a5 Nc5 $2 (35... Ra2+ $8 36. Bd2
Nd5 $1 {/\ Ndf4}) 36. Rc2 $1 $18 Na6 37. Bd2 c5 38. Bb7 Nb4 39. Rxc5 Nxd3 40.
Rc3 $4 (40. Rc7 {/\ Be4, Bb4; /\ Bd5-c4, Bb4+-}) 40... Rxc3 41. Bxc3 Nc5 42.
Bf3 (42. a6 Ke6 43. Bb4 (43. Bd4 Kd6) 43... Nxb7 44. axb7 Nc6 45. Bc5 Kd7 46.
Bxa7 Kc7 $10) 42... Ke6 43. Bb4 Kd6 $1 $10 {/\ Nc6, xa5} 44. Kd2 Nc6 45. Kc3 (
45. Ba3 $5 Nxa5 46. Kc3 f5 $1 47. Kb4 (47. Kd4 $2 Nab3+ 48. Kc4 $4 Nd2+) 47...
Nab3 $1 $8 (47... Nab7 $4 48. Kb5 a6+ 49. Kb6 $19) (47... Ncb7 $2 48. Kb5+ Kc7
49. Bb2 {/\ Be5+/-}) 48. Kb5 (48. Bd1 Nd2 $1 49. Kb5 $140 a6+ $1) 48... a5 49.
Bd1 Kd5) 45... Nxb4 46. Kxb4 Na6+ 47. Kc4 g5 48. Be2 1/2-1/2

[Event "St Petersburg op2"]
[Site "St Petersburg"]
[Date "1994.??.??"]
[Round "7"]
[White "Serper, Grigory"]
[Black "Zagrebelny, Sergey"]
[Result "1-0"]
[WhiteElo "2575"]
[BlackElo "2515"]
[Annotator "Serper,G"]
[PlyCount "101"]
[EventDate "1994.10.??"]
[EventType "swiss"]
[EventRounds "9"]
[EventCountry "RUS"]
[SourceTitle "CBM 043 Extra"]
[Source "ChessBase"]
[SourceDate "1995.01.01"]
[SourceVersion "1"]
[SourceVersionDate "1995.01.01"]
[SourceQuality "1"]

1. c4 Nf6 2. Nc3 e5 3. Nf3 Nc6 4. g3 Bb4 5. Bg2 (5. Nd5 $5) 5... O-O 6. O-O
Bxc3 (6... d6 7. d3 h6 8. Na4 $5 a5 9. e3 d5 10. a3 Be7 11. cxd5 Nxd5 12. Qc2
$14 {Lautier,J-Hertneck,G/Baden-Baden/1992/1:0/40/}) 7. bxc3 d6 $5 (7... e4 $5)
8. d3 h6 9. e4 Be6 10. Nh4 Rb8 11. Rb1 a6 12. a4 Nh7 13. Nf5 Ne7 (13... Bxf5
14. exf5 {/^}) 14. Nxe7+ Qxe7 15. a5 $1 {><b7} b5 16. axb6 cxb6 17. Qa4 b5 18.
Qxa6 bxc4 19. Ba3 $2 (19. Rxb8 $1 Rxb8 20. Ba3 Qd8 21. dxc4 Rb6 22. Qa4 $16)
19... Ra8 20. Qxd6 Qf6 $1 21. dxc4 (21. d4 $6 Rfd8 {/\ ed4}) 21... Rfd8 22. Qe7
Qg6 23. Rfd1 $2 (23. Rbd1 $1) 23... Re8 24. Qd6 Ng5 25. Bb4 Qh5 $1 $40 (25...
Nxe4 $6 26. Qxe5 Bg4 27. Bxe4 Rxe5 28. Bxg6 Bxd1 29. Bxf7+ $14) 26. Qd3 Bg4 27.
Rd2 Nf3+ 28. Bxf3 Bxf3 29. Qe3 f5 $1 30. h4 $8 (30. exf5 Qxf5 {/\e4,Qh3-+}) (
30. Re1 f4 $1 31. Qd3 Rad8 $1 32. Qxd8 Qh3 33. Qxe8+ Kh7 $19) 30... Qg4 $2 (
30... fxe4 $17) 31. exf5 Qxf5 32. Re1 Rac8 33. Rd5 $1 Rc6 34. Kh2 (34. Rxe5
Rxe5 35. Qxe5 Qh3) 34... Bxd5 35. cxd5 Rf6 36. Re2 Qg4 37. f4 $5 Ra8 (37... e4
$13) 38. Qxe5 Rg6 39. Qe3 Rga6 40. c4 $1 Ra2 41. Bd2 Kh8 42. Rg2 $1 Qd1 $2 (
42... R8a3 $32) 43. d6 $1 $16 R2a3 (43... Ra1 44. Rg1) 44. Qe1 Qa4 $6 (44...
Qxe1 45. Bxe1 $16) 45. Qe6 $16 Qc6 46. f5 $1 Rf8 47. d7 Qa8 (47... Ra6 48. Qxc6
Rxc6 49. Ba5 $18) 48. Bb4 Ra2 49. Rxa2 Qxa2+ 50. Kh3 Qb1 51. Bxf8 1-0

[Event "New York op"]
[Site "New York"]
[Date "1998.03.20"]
[Round "7"]
[White "Miezis, Normunds"]
[Black "Smirin, Ilia"]
[Result "0-1"]
[WhiteElo "2505"]
[BlackElo "2590"]
[Annotator "Smirin,I"]
[PlyCount "60"]
[EventDate "1998.03.16"]
[EventType "swiss"]
[EventRounds "9"]
[EventCountry "USA"]
[SourceTitle "CBM 064"]
[Source "ChessBase"]
[SourceDate "1998.06.02"]
[SourceVersion "1"]
[SourceVersionDate "1998.06.02"]
[SourceQuality "1"]

1. c4 {Tyomkin,D} e5 2. Nc3 Nf6 3. g3 d5 4. cxd5 Nxd5 5. Bg2 Nb6 6. Nf3 Nc6 7.
O-O Be7 8. Rb1 g5 9. d3 h5 $5 {Smirin is the strong tactical player,and in
this game he fights for initiative already from the opening.} 10. Be3 (10. b4
$5) (10. a3 {Kortschnoj} h4 11. b4 hxg3 12. hxg3 a6 13. b5 $6 (13. Ne4 g4 14.
Nfd2 f5 15. Nc5 Qd6 $13) (13. Be3 $5) 13... Nd4 14. Nxd4 $2 (14. Nxe5 Qd6 15.
f4 (15. Nf3 Qh6 $36) 15... gxf4 16. Nxf7 $1 Kxf7 17. Bxf4 Qc5 18. e3 Nf5 19.
Ne4 Qxa3 20. g4 $16) 14... exd4 15. bxa6 Rxa6 16. Nb5 Na4 $1 $17 {Serper,
G-Kortschnoj,V/Groningen 1993/CBM 39/[Kortschnoj]/0-1(34)}) 10... g4 11. Nd2 (
11. Nh4 Nd4) 11... Nd4 12. Rc1 $6 (12. b4 $142) 12... h4 13. Nc4 Nxc4 14. dxc4
c6 $15 15. Qd3 f5 $1 16. Rfd1 Bf6 17. f4 (17. b4 {[%csl Yg2][%cal Gb4b5]})
17... gxf3 18. exf3 Kf7 $1 19. Qf1 $2 (19. f4 e4 20. Qd2 c5 21. Nb5 (21. Nd5
Bg7 22. b4 b6 23. bxc5 bxc5 24. Rb1 Ba6 $15) 21... hxg3 22. hxg3 Qg8 23. Nxd4 (
23. Qf2 Qxg3 $1 24. Qxg3 Ne2+ 25. Kf2 Nxg3 26. Kxg3 $140 $2 Bh4+) 23... cxd4
24. Bxd4 Qxg3 25. Bxf6 e3 $1 26. Qd5+ Be6 27. Qxb7+ Kxf6 28. Qf3 Qxf3 29. Bxf3
Rag8+ {etc.}) (19. Ne2 hxg3 20. hxg3 Nxe2+ 21. Qxe2 Qg8 22. Bf2 Be6 $15) (19.
Bxd4 Qxd4+ 20. Qxd4 exd4 21. Ne2 c5 22. b4 b6 $15) 19... hxg3 20. hxg3 Qg8 $1
21. Qe1 Qh7 22. f4 Be6 $1 23. Nd5 $5 (23. fxe5 $2 Qh2+ $19) 23... cxd5 24. fxe5
{[%tqu "En","Continue the attack as GM Smirin!","","","f5f4","",10]} f4 $3 $19
{[%cal Ye6h3][%mdl 704] Bringing the bishop to attack.} 25. Bxd4 (25. Bxf4 {
[%tqu "En","Find the win by force.","","","d4f3","",10]} Nf3+ $3 26. Bxf3 Qh2+
27. Kf1 Bh3+) 25... f3 $1 {The quickest way.} (25... Qh2+ 26. Kf2 fxg3+ {
wins too.}) 26. exf6 fxg2 27. Kxg2 (27. Kf2 Qf5+ 28. Kxg2 dxc4 $19 {[%cal
Ge6d5]}) 27... Rae8 28. Be5 Bg4 29. Qe3 Qh2+ 30. Kf1 Qh1+ 0-1

[Event "Sinquefield Cup 4th"]
[Site "Saint Louis"]
[Date "2016.08.11"]
[Round "6"]
[White "So, Wesley"]
[Black "Topalov, Veselin"]
[Result "1-0"]
[WhiteElo "2771"]
[BlackElo "2761"]
[Annotator "So,Wesley"]
[PlyCount "81"]
[EventDate "2016.08.05"]
[EventType "tourn"]
[EventRounds "9"]
[EventCountry "USA"]
[EventCategory "22"]
[SourceTitle "CBM 174"]
[Source "ChessBase"]
[SourceDate "2016.09.13"]
[SourceVersion "1"]
[SourceVersionDate "2016.09.13"]
[SourceQuality "1"]

{The Sinquefield Cup is an intimidating event beginning to end. At the opening
ceremony I looked at all these top ten players gathered together in one room,
knowing I would have to confront them one by one ... I assure you just the
thought had confidence sapping power!  This game was played after the rest day,
therefore both of us had time to prepare for this crucial mid-point match.
Just prior to the rest day Veselin had just won a very long game against the
tough Ding Liren and was consequently leading the event with 3.5/5. I was at 3/
5. It was clear from the beginning of the tournament that Veselin was in great
form, so if I was to make a break for the lead, now was the time. Fortunately
I had white, so it seemed the ball was in my court and I should push to take
the lead.} 1. c4 {At the same time it's never clear what the best opening is
to go for when you have to try for a win. There are a number of attractive
choices and the test is picking the right one. I decided on the English, with
an idea of heading the game towards unfamiliar positions.} e5 2. g3 Nf6 ({
I was hoping he would go for something else:} 2... c6 3. Nf3 e4 4. Nd4 d5 5.
cxd5 Qxd5 6. Nc2 Nf6 7. Nc3 Qh5 8. Ne3 {where at least I can try and win his
pawn on e4, and create some tactical play.}) 3. Bg2 d5 {This appears to me to
be the most solid and principled system.} 4. cxd5 Nxd5 5. Nc3 Nb6 6. Nf3 Nc6 7.
O-O Be7 8. d3 (8. Rb1 {had been played by Anish Giri against Levon Aronian in
Round 5, however it's not clear if the interesting idea he had in that game
could stand the stress of deeper probing.} a5) (8. a3 {had been played by
Peter Svidler against me in Round 7. After} O-O 9. b4 Be6 10. d3 a5 11. b5 Nd4
12. Bb2 Nb3 13. Rb1 f6 14. Nd2 Nxd2 15. Qxd2 Nc4 16. Qc1 Nxb2 17. Qxb2 Rb8 {
my bishop pair compensates for White's space advantage on the queenside.}) 8...
O-O 9. a3 {I have played this d3 and a3 system before and it's a good and
solid line. My concern was that Veselin who prepares so well, would be sure to
know it as he certainly must have looked at all of my recent games. I debated
it but at the end of the day decided to go for it anyway, hoping that if he
caught me, my experience in this line would save me.} (9. Be3 Re8 {is known to
be okay for Black, so I played a3 first, to see where Black was going. Against
...Re8 setups I want to go b2-b4, and against ...Be6 I want to have the
Be3-Rc1 setup available.}) 9... Be6 (9... Re8 10. b4 {is another variation
which occured in my blitz game against Magnus during the Paris Grand Chess
Tour.}) 10. Be3 Nd5 11. Nxd5 Bxd5 12. Qa4 Re8 13. Rac1 a6 14. Nd2 Bxg2 15. Kxg2
Nd4 $1 {Veselin reacted very well against the system I chose. His position is
absolutely solid with no weakness. Black also managed to trade a number of
pieces and it's hard to generate play for White.} 16. Bxd4 exd4 17. Qb3 Rb8 18.
e4 $1 {To get rid of the backward e pawn.} (18. Rc2 c5 {can only be good for
Black.}) 18... dxe3 ({A decent alternative is} 18... c5 {to start pushing
pawns on the queenside.} 19. Nc4 $1 Bf8 (19... b5 20. Ne5) 20. Nb6 Re6 21. Nd5
b5 {with a concrete position where each move matters.}) 19. fxe3 Rf8 20. Ne4 {
Preventing ...Kh8. I want to keep the pressure on f7 by doubling my rooks on
the f-file..} ({However the immediate} 20. Rf3 Kh8 $11 {followed by ...f6
gives White nothing.}) (20. Rf5 Kh8 $11) ({Or} 20. d4 c5 21. d5 b5 22. e4 Bd6 {
and ...f6 next, with completely fine play for Black.}) 20... Qd7 (20... c6 21.
Rf3) 21. Rf3 Rbd8 $1 ({Black wanted to avoid} 21... c6 22. Rcf1 {when White
has some slight pressure.} Qd5 (22... Qe6 23. Qxe6 fxe6 24. Rxf8+ Rxf8 25.
Rxf8+ Kxf8 26. Kf3 Ke8 {Here I thought that White had nothing, but in fact it
seemed to be a pleasant endgame. White centralizes his king with Kf4-e5 and
slowly starts pushing the kingside pawns.}) 23. Qxd5 cxd5 24. Nc3 d4 25. Nd5
Bd6 26. Nb6 {Threatening a rook fork with Nd7.} Rbd8 27. e4 $14 {with an
outpost on d5 the knight looks stronger than the bishop and White should have
good chances to outplay his opponent.}) 22. d4 ({If I was in a more concrete
mood I would have gone for} 22. Qxb7 Rb8 (22... Qxd3 23. Rc3 Qb1 24. Rf1 Rb8 (
24... Rd1 25. Rxd1 Qxd1 26. Qxa6 {wins a pawn, and its not clear if Black has
enough for it.}) 25. Rxb1 Rxb7 26. b4 Re8 {when this endgame should still end
in a draw.}) 23. Qxc7 Rxb2+ 24. Rf2 Rxf2+ 25. Nxf2 Qxc7 26. Rxc7 Bxa3 {but
during the game I didn't think that White had much in this endgame anyway.})
22... c6 23. Rcf1 Qd5 24. Qc2 $1 {Not the best move, but for this game it was
a good idea to keep the queens on.} (24. Qxd5 Rxd5 {is just equal. White's
pawns are a little fragile on the dark-squares and at the same time he has
more pawn islands (3 vs 2) than Black.} 25. Rf5 Rd7 {My guess was that this
ending would end in a draw.}) 24... g6 (24... Qe6 {also looks very good. Black
will go ...f5 next and there is little White can do to stop this.}) 25. g4 {
To prevent f7-f5 and gain some space on the kingside. I have to be careful and
not let my e3-pawn get too vulnerable.} (25. Nc3 Qe6 26. Qe4 Qxe4 27. Nxe4 f5
$15 {is clearly not good.}) 25... Rde8 $1 {Veselin now starts playing very
ambitiously and strongly.} ({Although} 25... Bh4 {is good too. Black wants to
go Rfe8-e7 next, while keeping his other rook on the d-file. In this case, I
don't think I will play} 26. Kh3 $5 {which is the computer suggestion.}) 26. h3
Bd8 27. Nc3 Qe6 ({Black avoids the repetition} 27... Qd6 28. Ne4 $11) 28. Na4 (
28. e4 Bb6 29. d5 Qe5 $15) 28... b6 ({Or here} 28... Qd5 29. Nc3 $11) 29. Rc1 {
I quickly seized my chance, now that he had created a weakness on c6 for
himself.} c5 (29... Qe7 $1 {is what the engines where screaming for at the
live commentary.} 30. Qxc6 (30. Nc3 h5) 30... Qg5 $44 {with ample compensation
for the pawn. It's hard to parry all of Black's threats and my king feels
vulnerable, though I feel that White can hold with some accurate play.}) (29...
Qd5 30. Nc3 {is a little different, and the game should end in a draw after}
Qg5 31. Ne4 Qd5 32. Nc3 $11) 30. dxc5 b5 31. Nc3 Qc6 32. Qd2 {White needs to
keep his pieces on active places.} (32. Nd1 $2 f5 $19 {is clearly bad. In fact
it is losing immediately.}) 32... Re5 $2 {Playing way too ambitiously!} (32...
Qxc5 33. Nd5 Qa7 {gives Black no problems, but at the same time} 34. Qd4 (34.
Rc6 Qb7 35. Qc3 {is more complex, and White's initiative looks a little
threatening}) 34... Qxd4 35. exd4 {should not give White much problem in
holding the draw either.}) 33. b4 {Now my protected passed pawn will be hard
to deal with.} Bg5 34. Rd1 $1 {I must prioritize activity above all else. At
the same time I seize control of the d-file. Now the fun begins as I turn from
being slightly worse, to much better and suddenly winning.} Bxe3 $2 {A blunder
and a little bit of desperation. When you miss something in your calculation
and then decide to make a sort of random move, it's usually not a wise
decision.} (34... Rxe3 {is the best chance.} 35. Qd5 Qe8 36. Qxg5 Rxc3 37. Rxc3
Qe2+ 38. Kg3 Qxd1 39. Qe3 {and I would prefer White here as his rook is very
well placed to support the advance of the c-pawn.} (39. Qc1 Qd5 40. Qf4 {
might be even better, although White has to meet} f5 {with} 41. Rf3 $1 {
to prevent the opening of the f-file.})) (34... Rd8 35. Qa2 $1 {is perhaps
what he missed.}) 35. Qd7 $1 {Most accurate.} (35. Qd6 Qe8 36. Qxa6 {wins a
couple of pawns although} h5 $1 {might give Black some tricks considering that
White's king is very vulnerable.} 37. Qxb5 hxg4 38. hxg4 Qe6 39. Qd7 Qb3 40.
Qd3 Qe6 {when White is winning, but he has to watch out.} 41. Re1 $1 Re8 42.
Rexe3 Rxe3 43. Rxe3 Qxe3 44. Qxe3 Rxe3 45. Nd5 $18) 35... Qa8 $2 36. Nd5 {
Already here White has more than one winning continuation.} (36. h4 {to
prevent ...Bg5.} f5 37. c6 $18) ({Or} 36. c6) 36... Bg5 37. c6 {The reason I
can push my c-pawn so boldly is because his queen is seriously trapped in the
corner on a8.} Bh4 (37... Re2+ {is what I was mostly looking at during the
game. Apparently the best reply is} 38. Kg3 $1 {Activating the king and
threatening h4 at the same time.} f5 (38... Rc2 39. c7) 39. gxf5 Rf7 40. Qd6
gxf5 41. h4 Bd8 42. Kh3 $18 {Now that the White king is safe and the
complications are gone, White is all set to deliver a decisive attack.}) 38.
Rd2 {Keeping an eye on the second rank.} Re1 (38... Qe8 39. Qxe8 Rfxe8 40. c7
Rc8 41. Rc3 $16 {I didn't mind trading the queens at all, besides with a
strong passed pawn White should win this ending in the long run.}) 39. Rc2 $1 (
39. c7 Rc1) 39... Kg7 40. Nb6 Qb8 {Finally we made it to move 40 and got an
extra hour on the clock, but it cannot help Black because he is simply lost.} (
40... Qd8 41. c7) 41. Qd4+ {Followed by c7, and Veselin resigned. It is clear
that the importance of this game in terms of the final standing was paramount.
Without this win it's hard to see how I would have won the Sinquefield Cup,
considering that maybe even +2 would not be enough to win clear first if I
drew with Veselin. In the end it worked out well and I managed to win clear
first with 5.5/9.   Winning this tournament was a particularly sweet victory
because 12 months earlier in the 2015 edition of The Sinquefield Cup, I came
in dead last. It was an emotionally crushing time for me but I resolved to
come back and fight harder this year. This is what you need to do if you want
to compete professionally. All the players on this level are really, really
tough, and as I said at the closing, anyone of us could have clinched it this
year. It just happened to be my turn.} 1-0